Normal view
MARC view
Entry Personal Name
001 - CONTROL NUMBER
- control field: 161232
003 - CONTROL NUMBER IDENTIFIER
- control field: OSt
005 - DATE AND TIME OF LATEST TRANSACTION
- control field: 20220923211642.0
008 - FIXED-LENGTH DATA ELEMENTS
- fixed length control field: 220923|| aca||aabn | a|a d
040 ## - CATALOGING SOURCE
- Original cataloging agency: OSt
- Transcribing agency: OSt
100 ## - HEADING--PERSONAL NAME
- Personal name: भरतमुनिप्रणीत; नायर, रविशंकर, संपा
670 ## - SOURCE DATA FOUND
- Source citation: Work cat.: (OSt)302165: भरतमुनिप्रणीत; नायर, रविशंकर, संपा., नाट्यशास्त्रम्, मकण् कन्हैयालाल जोशी, 1984
